00503nam a22001457a 4500008004100000040005500041080001800096245005300114260004000167300001500207490006600222650002300288653002000311700002600331230328b |||||||| |||| 00| 0 eng d aNational Science LibrarycNational Science Library a536.764bL0.1 aPhase diagrams materials science and technology  aNew York: bAcademic Press, c1970  aix, 358p.  aTheory, principles, and techniques of phase diagrams vVol.1  aMaterials science  aPhase diagrams  aAlper, Allen M (Ed.)